000 01359nam a2200373 a 4500
001 000112011
003 CHAP
005 20220329144241.0
008 151118s2015 mx a fsm |||||||spa d
010 _a108472
011 _a109444
040 _cCHAP
090 _aTesis
100 1 _aBocarado Guzmán, María Dreidi
_9130068
245 1 0 _aCadena de frío de productos frutícolas en supermercados y su trazabilidad
_h[En línea]
_cpor María Dreidi Bocarando Guzmán.
260 _aChapingo, Méx. :
_bEl autor,
_c2015.
500 _aPara ver el contenido del material haga clic en la liga
502 _aTesis (Ing. Agroindustrial) -- UACH. Departamento de Ingeniería Agroindusrial
590 _aBATCH
_b00
_c20181121
_lUCH01
_h0759
590 _aE11695DGD
_b10
_c20151119
_lUCH01
_h0848
590 _aE11695DGD
_b10
_c20151119
_lUCH01
_h0849
590 _aE5995AHE
_b05
_c20151118
_lUCH01
_h0858
590 _aE5995AHE
_b05
_c20151118
_lUCH01
_h0858
590 _aE5995AHE
_b05
_c20151118
_lUCH01
_h0904
650 1 4 _aFruta
_xAlmacenamiento.
_943592
650 1 4 _aFruta
_xConservación por frío.
_943603
650 1 4 _aFruta
_xEmpaque.
_943610
650 1 4 _aFruta
_xMercadeo
_xMéxico (Edo.)
_943640
856 _a1
_n0000980
856 _aFinding aid
_uhttp://10.13.5.2/tesis/sist112011.pdf
_zTeclea aquí
901 _aBK
942 _cTESIS
942 _n0
999 _c108472
_d108472